Cricket: Most Combined Runs in a Calendar Year - Statistics

General Stats
  • This quiz has been taken 25 times
    10 since last reset
  • The average score is 27 of 30
Answer Stats
Country Year Runs Average Answer % Correct
AUS 2016 2374 47.48 David Warner
100%
ENG 2016 2570 50.39 Joe Root
100%
NZ 2015 2692 65.65 Kane Williamson
100%
SL 2014 2868 53.11 Kumar Sangakkara
100%
SL 2006 2609 52.18 Kumar Sangakkara
100%
SL 2009 2436 44.29 Kumar Sangakkara
100%
IND 1999 2626 46.89 Rahul Dravid
100%
AUS 2005 2833 56.66 Ricky Ponting
100%
AUS 2003 2657 66.42 Ricky Ponting
100%
IND 2019 2442 53.08 Rohit Sharma
100%
AUS 2016 2406 53.46 Steve Smith
100%
AUS 2015 2369 65.80 Steve Smith
100%
SL 2009 2568 55.82 Tillakaratne Dilshan
100%
IND 2017 2818 68.73 Virat Kohli
100%
IND 2018 2735 68.37 Virat Kohli
100%
IND 2016 2595 86.50 Virat Kohli
100%
IND 2019 2455 64.60 Virat Kohli
100%
PAK 2022 2598 54.12 Babar Azam
89%
SA 2010 2307 76.90 Hashim Amla
89%
SL 2001 2313 50.28 Mahela Jayawardene
89%
AUS 2003 2349 54.62 Matthew Hayden
89%
IND 1998 2541 68.67 Sachin Tendulkar
89%
SL 1997 2449 58.30 Sanath Jayasuriya
89%
IND 1999 2580 47.77 Sourav Ganguly
89%
IND 2007 2346 51.00 Sourav Ganguly
89%
IND 2008 2355 52.33 Virender Sehwag
89%
SL 1997 2432 62.35 Aravinda de Silva
56%
PAK 2006 2435 69.57 Mohammad Yousuf
56%
SL 2014 2687 65.53 Angelo Mathews
44%
PAK 1996 2296 54.66 Saeed Anwar
44%
No matching quizzes found
Score Distribution
Percent of People with Each Score
Percentile by Number Answered
Your Score History
You have not taken this quiz since the last reset